| 000 | 00000nam##2200000za#4500 |
| 001 | 9.578925 |
| 003 | CaOODSP |
| 005 | 20210624190322 |
| 007 | cr ||||||||||| |
| 008 | 150406|1990||||xxc|||||o f|0| 0 eng|d |
| 022 | |a1488-5379 |
| 040 | |aCaOODSP|beng |
| 043 | |an-cn--- |
| 086 | 1 |aFs97-6/1756E-PDF |
| 110 | 1 |aCanada. |bDepartment of Fisheries and Oceans. |
| 245 | 10|aSockeye salmon (Oncorhynchus nerka) utilization of Quesnal Lake, British Columbia / |h[electronic resource]|cby K.F. Morton and I.V. Williams. |
| 260 | |aCultus - British Columbia : |bFisheries and Oceans Canada |c1990. |
| 300 | |a26p.|bfigs., references |
| 490 | 1 |aCanadian technical report of fisheries and aquatic sciences|x1488-5379|vNo. 1756 |
| 500 | |aOn t.p.: Biological Sciences Branch, Cultus Lake Research Laboratory, Cultus lake, British Columbia. The catalogue number and ISSN for the print edition appear in the PDF version. |
| 546 | |a(Résumé en français) |
| 590 | |a14-04-Supp|b2014-02-05 |
| 720 | 1 |aWilliams, I. V. |
| 720 | 1 |aMorton, K. F. |
| 830 | #0|aCanadian technical report of fisheries and aquatic sciences,|x1488-5379|vNo. 1756|w(CaOODSP)9.504449 |
| 856 | 40|ahttp://publications.gc.ca|qPDF|s5543 KB|uhttps://publications.gc.ca/collections/collection_2014/mpo-dfo/Fs97-6-1756-eng.pdf|yNo. 1756 |